000 005030000a22001810004500
003 MACL
005 20160312163055.0
008 160312b xxu||||| |||| 00| 0 eng d
040 _aMACL
_cMACL
041 _aHindi
082 _a891.433
100 _aमृदुला गर्ग
_945541
245 _aअनित्‍य
260 _bनेशनल पब्लिशिंग हाउस
_aदिल्‍ली
350 _a55
650 _aNovel
_945542
942 _cHIN
_k891.433
_2ddc
999 _c26694
_d26694